Loading...
| Beliefs | 9 | 13.33 | 756% | 333% | 244% |
| Current Events | 2 | 15.00 | 800% | 200% | 200% |
| Fine Arts - Auditory | 5 | 10.00 | 0% | 200% | 360% |
| Fine Arts - Visual | 4 | 20.00 | 1,800% | 550% | 250% |
| Geography | 2 | 10.00 | 0% | 0% | 600% |
| History - American | 5 | 8.00 | 720% | 80% | 240% |
| History - European | 6 | 10.00 | 1,800% | 100% | 200% |
| History - World | 6 | 15.00 | 2,400% | 200% | 300% |
| Literature - American | 3 | 20.00 | 1,200% | 400% | 600% |
| Literature - British | 3 | 13.33 | 1,200% | 200% | 400% |
| Literature - European | 6 | 10.00 | 0% | 100% | 500% |
| Literature - World | 1 | 10.00 | 0% | 600% | 0% |
| Other Academic | 1 | 20.00 | 0% | 600% | 600% |
| Other Arts: Auditory | 2 | 20.00 | 3,600% | 300% | 300% |
| Other Science: Astronomy | 1 | 0.00 | 0% | 0% | 0% |
| Other Science: Math | 2 | 15.00 | 1,800% | 300% | 300% |
| Philosophy | 1 | 10.00 | 3,600% | 0% | 0% |
| Science - Biology | 2 | 15.00 | 3,600% | 0% | 300% |
| Science - Chemistry | 5 | 12.00 | 720% | 360% | 240% |
| Science - Physics | 4 | 15.00 | 900% | 250% | 400% |
| Social Science | 5 | 16.00 | 1,440% | 360% | 360% |
| 7 | 14.29 | 1,543% | 171% | 429% |